| Record ID | ia:abcsofnaturefami00read |
| Source | Internet Archive |
| Download MARC XML | https://archive.org/download/abcsofnaturefami00read/abcsofnaturefami00read_marc.xml |
| Download MARC binary | https://www.archive.org/download/abcsofnaturefami00read/abcsofnaturefami00read_meta.mrc |
LEADER: 01791cam 2200433 a 4500
001 ocm09557647
003 OCoLC
005 20091113110216.0
008 830504s1984 nyua 001 0 eng
010 $a 83060796
040 $aDLC$cDLC$dBAKER$dXY4$dBTCTA$dYDXCP$dKZV
020 $a0895771691 :$c$21.50
020 $a9780895771698
035 $a(OCoLC)9557647
042 $alcac
050 00 $aQH45.5$b.A23 1984
082 00 $a508$221
245 00 $aABC's of nature :$ba family answer book.
260 $aPleasantville, N.Y. :$bReader's Digest Association,$cc1984.
300 $a336 p. :$bill. (some col.) ;$c29 cm.
500 $aAt head of title: Reader's digest.
520 $aAnswers questions about the physical world, its plants and animals, and the adaptations and interactions of plants and animals in various environments such as deserts, mountains, and seashores.
500 $aIncludes index.
650 0 $aNatural history$vMiscellanea.
650 1 $aNatural history$vMiscellanea.
650 1 $aQuestions and answers.
710 2 $aReader's Digest Association.
730 0 $aReader's digest.
740 0 $aA B C's of nature.
938 $aBaker & Taylor$bBKTY$c27.95$d20.96$i0895771691$n0000792014$sactive
938 $aBaker and Taylor$bBTCP$n83060796$c$21.50
938 $aYBP Library Services$bYANK$n1013130
952 $a9557647$zDLC$bLIBRARY OF CONGRESS$hFull$iLCC$kDDC$nSummary$plcac$u20080819
952 $a125924616$zVXG$bNEW YORK BOTANICAL GARDEN LIBR$hFull$iLCC$nSummary$u20070512
952 $a131744102$zJTC$bSHASTA PUBLIC LIBR$hOther$iLCC$kDDC$u20070518
952 $a135486451$zUBY$bBRIGHAM YOUNG UNIV LIBR$hFull$iLCC$kDDC$nSummary$u20090602
029 1 $aNZ1$b2649404
994 $aZ0$bPMR
948 $hNO HOLDINGS IN PMR - 1354 OTHER HOLDINGS